UITU Library & LRC     

Foundation mathematics for computer science: (Record no. 31632)

MARC details
000 -LEADER
fixed length control field 00417nam a2200157Ia 4500
008 - FIXED-LENGTH DATA ELEMENTS--GENERAL INFORMATION
fixed length control field 250916s9999 xx 000 0 und d
020 ## - INTERNATIONAL STANDARD BOOK NUMBER
International Standard Book Number 978-3-031-17410-0
082 ## - DEWEY DECIMAL CLASSIFICATION NUMBER
Classification number 004.0151 VIN
100 ## - MAIN ENTRY--PERSONAL NAME
Personal name Vince, John
245 #0 - TITLE STATEMENT
Title Foundation mathematics for computer science:
Remainder of title a visual approach
250 ## - EDITION STATEMENT
Edition statement 3rd
260 ## - PUBLICATION, DISTRIBUTION, ETC.
Place of publication, distribution, etc. New York:
Name of publisher, distributor, etc. Springer,
Date of publication, distribution, etc. 2023
300 ## - PHYSICAL DESCRIPTION
Extent 510 p.
600 ## - SUBJECT ADDED ENTRY--PERSONAL NAME
Personal name Computer Science
942 ## - ADDED ENTRY ELEMENTS (KOHA)
Koha item type Books
Holdings
Withdrawn status Lost status Damaged status Not for loan Collection Home library Current library Date acquired Source of acquisition Cost, normal purchase price Total checkouts Full call number Barcode Date last seen Cost, replacement price Price effective from Koha item type
        Computer Science UITU Library UITU Library 08/07/2025 Golden Books 16169.94   004.0151 VIN Q16007 09/16/2025 20212.43 09/16/2025 Books

Powered by Koha